LEADER 01534nam 2200385 450 001 000001440 005 20050718115000.0 100 $a--------d1920----km-y0itay0103----ba 101 0 $aita 102 $aIT 200 1 $aRelazione sulla gestione del Comune di Lavello tenuta dal Commissario Prefettizio avv. Giuseppe Solimene dal 17 aprile 1919 al 21 gennaio 1920$f[Giuseppe Solimene] 210 $aLavello (Potenza)$c<> Paloscia$d1920 215 $a30 p.$d21 cm 303 $aIn testa al front.: "Municipio di Lavello" 606 $aLavello (Potenza)$xAmministrazione$z1919-20 700 1$aSolimene,$bGiuseppe$0438320 801 0$aIT$bUniversità della Basilicata - B.I.A.$gRICA$2unimarc 912 $a000001440 996 $aRelazione sulla gestione del Comune di Lavello tenuta dal Commissario Prefettizio avv. Giuseppe Solimene dal 17 aprile 1919 al 21 gennaio 1920$970430 997 $aUNIBAS BAS $aMONLET BAS $aMONOGR BAS $aLETTERE CAT $aGINO$b01$c19990715$lBAS01$h1750 CAT $aGINO$b01$c19990715$lBAS01$h1751 CAT $aGINO$b10$c19990824$lBAS01$h1310 CAT $c20000920$lBAS01$h1828 CAT $c20001010$lBAS01$h1631 CAT $c20050601$lBAS01$h1752 CAT $abatch$b01$c20050718$lBAS01$h1047 CAT $c20050718$lBAS01$h1106 CAT $c20050718$lBAS01$h1136 CAT $c20050718$lBAS01$h1150 FMT Z30 -1$lBAS01$LBAS01$mBOOK$1BASA1$APolo Storico-Umanistico$2FDEP$BFondo De Pilato$3FD/1562$61562$5D1562$819990715$f52$FRari LEADER 01319nam0 22003011i 450 001 UON00202296 005 20231205103258.749 100 $a20030730f1983 |0itac50 ba 101 $aita 102 $aIT 105 $a|||| ||||| 200 1 $aDio alla ricerca dell'uomo$e(una filosofia dell'ebraismo)$fdi Abraham Joshua Hescel$gprefazione di Elémire Zolla$gtraduzione dall'inglese di Elèna Mortara di Veroli 210 $aRoma$cBorla$dstampa 1983. 478 p. ; 21 cm. Tit. orig.: God in search of man$ca philosophy of Judaism. 316 $aDono prof. Concolato$5IT-UONSI FranceseVIII B/161 606 $aGIUDAISMO$3UONC015451$2FI 606 $aTEOLOGIA E FILOSOFIA$3UONC038878$2FI 620 $aIT$dRoma$3UONL000004 676 $a296$cEbraismo$v21 700 1$aHESCHEL$bAbraham Joshua$3UONV120956$0206030 702 1$aMORTARA DI VEROLI$bElèna$3UONV120957 702 1$aZolla$bElémire$3UONV003357 712 $aBorla$3UONV247077$4650 801 $aIT$bSOL$c20251128$gRICA 899 $aSIBA - SISTEMA BIBLIOTECARIO DI ATENEO$2UONSI 912 $aUON00202296 950 $aSIBA - SISTEMA BIBLIOTECARIO DI ATENEO$dSI VIII B 161 $eSI LO 59200 5 161 Dono prof. Concolato 996 $aDio alla ricerca dell'uomo$9153622 997 $aUNIOR